000 01246nam a2200349 i 4500
003 EG-GICUC
005 20260121101643.0
008 260104s1998 ua ||||fr|||| 000 0 ara d
017 _a1998/13326
020 _a977-5160-1
040 _a EG-GICUC
_bara
_c EG-GICUC
_d EG-GICUC
_erda
041 _aara
082 0 4 _221
_a345.46
_bم ح . أ
092 0 4 _221
099 _aLaw1 07 345.46 م ح . أ 1998
100 0 _aمحمد محمود الشحات
_eمؤلف.
245 1 0 _aأحكام وطرق تقارير الكفاية السنوية للموظف العام /
_cدكتور محمد محمود الشحات.
264 1 _aالإسكندرية :
_bدار الفكر الجامعي,
_c1998.
300 _a326 صفحة ؛
_c24 سم
336 _2rda content
_atext
337 _2rda media
_aComputer
338 _2rda carrier
_aOnline Resource
504 _a. 323-319 ببليوجرافيا: صفحات.
546 _aالنص باللغة العربية
650 1 4 _aتقارير الكفاية
_2qrmak
650 1 4 _aالرقابة الإدارية
650 1 4 _aالقانون الإداري
651 1 _2qrmak
856 4 0 _uhttps://fll.law.cu.edu.eg/fulltext/bks/B07-01525.pdf
905 _a79
942 _2ddc
_cBK
_e21
_n0
999 _c54294
_d54294